LEADER 01461nam a2200301 i 4500 001 000000157709 003 CaOOAMICUS 005 20230918124457.0 008 070319s1987 it u000 u ita u 040 $aSeMil$bita 100 1 $aDe Maurizi, Giovanni.$0(OLS)http://semarc/name/61561 245 10$aS. Maria Maggiore, Crana, Buttogno in Valle Vigezzo /$cGiovanni De Maurizi. 250 $aRistampa anastatica. 264 1$aSanta Maria Maggiore :$bGiovannacci,$c1987. 300 $aIX, 137 p., 80 p. ;$c24 cm. 534 $aRipr. dell'edd.: S. Maria Maggiore e Crana in Valle Vigezzo : Domodossola, Arti grafiche Parva favilla, 1928 ; Buttogno in Valle Vigezzo : Milano, 1931. 541 0 $aFondo card. C.M. Martini (3P IV 104) 650 4$aVal Vigezzo.$0(OLS)http://semarc/subject/44807 650 4$aSanta Maria Maggiore - Buttogno.$0(OLS)http://semarc/subject/54409 650 4$aSanta Maria Maggiore - Crana.$0(OLS)http://semarc/subject/54408 650 4$aSanta Maria Maggiore.$0(OLS)http://semarc/subject/30868 850 $aSeMil 852 $aSeMil$W1$xVenegono$y1$m3P IV 104$j109387$B109387$CSeMilBibl$Z2$F122962 $81 941 1 $a4 961 $aOmaggio: Martini Card. Carlo Maria. -- Con dedica autografa 996 $6245$aS. Maria Maggiore, Crana, Buttogno in Valle Vigezzo$9(OLS)http://semarc/title/231327 996 $6264$aSanta Maria Maggiore :$bGiovannacci$9(OLS)http://semarc/publisher/48421 LEADER 01597nam a2200253 4500 001 000000336228 003 CaOOAMICUS 005 20190827104543.0 008 190827s1785 it 000 u ita r 026 $ao-un i-,e o-ta anmi (3) 1785 (R) 040 $aSeMil$bita 245 00$aLettera 3. Sulla logica dei teologi di monsignor Nani. 264 1$aIn Piacenza. E si vende in Cremona :$bpresso Lorenzo Manini, ed altri libraj,$c1785. 300 $a2 pt. ([4], 213, [3]; LIX, [1] p.) ;$c8° 500 $aSegn.: pg2 A-N8 O4; A-C8 D6 501 $aBrevi riflessioni sopra un sermone di monsignor Jacopo Benigno Bossuet, e sopra la prefazione al medesimo stampati in fine del breve confronto del libro di Tertulliano De praescriptionibus coll'analisi fattane in Pavia, Tit. della pt. 2 700 11$aTamburini, Pietro,$d<1737-1827>.$0(OLS)http://semarc/name/71026 752 $aIT$dPiacenza 773 0 $aTamburini, Pietro <1737-1827>$tLettere di un teologo piacentino a monsignor Nani vescovo di Brescia sul rumore eccitato da alcuni suoi teologi contra l'analisi del libro delle Prescrizioni di Tertulliano.$dIn Piacenza. E si vende in Cremona : presso Lorenzo Manini, ed altri libraj, 1782-1785.$w()336226 850 $aSeMil 852 $aSeMil$W1$xVenegono$y1$m3X III 131 FA$j215530$B228035$CSeMilBibl$Z2$F228035 $8I 996 $6245$aLettera 3. Sulla logica dei teologi di monsignor Nani$9(OLS)http://semarc/title/425507 996 $6264$aIn Piacenza. E si vende in Cremona :$bpresso Lorenzo Manini, ed altri libraj$9(OLS)http://semarc/publisher/58523 LEADER 01035nam a2200265 i 4500 001 000000232962 003 CaOOAMICUS 005 20140910000000.0 008 140910s1986 it u000 u ita u 013 $a211865 020 $a88-04-27715-7 040 $aSeMil$bita 100 1 $aPellico, Silvio,$d<1789-1854>.$0(OLS)http://semarc/name/11420 245 13$aLe mie prigioni /$cSilvio Pellico ; a cura di Angelo Jacomuzzi. 260 $aMilano :$bOscar Mondadori,$c1986. 300 $a217 p. ;$c19 cm. 490 0 $aOscar classici ;$v82 700 1 $aJacomuzzi, Angelo.$0(OLS)http://semarc/name/4005 830 0$aOscar classici ;$v82.$0(OLS)http://semarc/title/11954 850 $aSeMil 852 $aSeMil$W1$xVenegono$y1$m1A II 62$j183308$B183308$CSeMilBibl$Z2$F195052 $81 961 $aLascito: Serenthà don Mario 996 $6020$a88-04-27715-7$9(OLS)http://semarc/number/236745 996 $6245$aLe mie prigioni$9(OLS)http://semarc/title/123310 996 $6260$aMilano :$bOscar Mondadori$9(OLS)http://semarc/publisher/30178